Score 0/20 Timer 03:00
1 Play Today
% Correct
Die
95.2%
Ivory
93.9%
Peace
90.7%
Years
90.4%
Rock
90.4%
Over
88.4%
Band
85%
Sweet
83.9%
Mind
81%
Easy
79.7%
% Correct
Love
76.4%
Silly
71.8%
Karma
70.2%
Happy
68.6%
Alone
60.8%
Sixteen
32.5%
Dream
24.8%
Boogaloo
24.5%
Seconds
20.2%
Palace
19.1%

Today's Daily Dose

Word Ladder
AC/DC Albums

Quick Pick
Martial Arts

Get the Picture
Monarchy or Presidency

Remove Ads.
Support Sporcle.
Get the best of Sporcle when you Go Orange. This ad-free experience offers more features, more stats, and more fun while also helping to support Sporcle. Thank you for becoming a member.

You're not logged in!

Compare scores with friends on all Sporcle quizzes.
OR
Log In

Show Comments

Extras

Top Quizzes Today


Score Distribution

Your Account Isn't Verified!

In order to create a playlist on Sporcle, you need to verify the email address you used during registration. Go to your Sporcle Settings to finish the process.

Report this User

Report this user for behavior that violates our Community Guidelines.

Details: